The Law of Partnerships and Corporations

Detalles Bibliográficos
Autor principal: Vanduzer, J. Anthony
Formato: eBook
Lenguaje:inglés
Publicado: Toronto: Irwin Law Inc., 2018
Edición:Cuarta Edicin̤
Materias:
Acceso en línea:Acceso restringido

MARC

LEADER 00000nam a22000007a 4500
005 20210820222723.0
007 cr|||| ||||
008 210820s2018 ca |||||s|||| 00||0 eng d
020 |a 978-1-55221-604-0 
035 |a 35193 
040 |a vLex 
090 |c 12098  |d 12098 
100 1 |a Vanduzer, J. Anthony 
245 1 3 |a The Law of Partnerships and Corporations  |h [Recurso electrn̤ico] /  |c J. Anthony Vanduzer 
250 |a Cuarta Edicin̤ 
256 |a Servicio en ln̕ea 
260 |a Toronto:  |b Irwin Law Inc.,  |c 2018 
300 |a 1 recurso electrn̤ico 
506 1 |a Disponible solo en los productos indicados  |d vLex Global  |d vLex Global (Academic Edition, excluding Law Schools)  |d vLex Global (U.S. Academic Edition, Law Schools)  |d vLex Global (U.S. Academic Edition, excluding Law Schools)  |d vLex Global (Academic Edition, Law Schools) 
650 0 4 |a Derecho Mercantil y de la Empresa  |z Canad̀ 
740 0 |a vLex Libros (Servicio en ln̕ea) 
856 4 0 |u https://app.vlex.com/#/sources/35193  |z Acceso restringido 
942 |c BOOK 
999 0 |a Commercial and Company Law